01688nam a22001937a 4500003000900000005001700009008004100026040002800067100003900095245021300134260003600347300004300383502016400426504005300590505068900643700002901332700003001361830010301391DO-SdBJH20241004130622.0210510b ||||| |||| 00| 0 spa d aDO-SdBJHbspacDO-SdBJH1 aAquino Aquino, Joséesustentante10aMercado de medicamentos falsificados y su incidencia en la Salud Pública de República Dominicana. Caso Provincia Espaillat, período 2006-2016 / cJosé Aquino Aquino, Miriam Castillo, Francisco Acosta aSanto Domingo :bINSUDE, c2018 aiii, 92 páginas, gráficos, cuadros aTesis (Maestría en Defensa y Seguridad Nacional). -- Instituto Superior para la Defensa (INSUDE). Escuela de Graduados de Altos Estudios Estratégico, 2018 aIncluye referencias bibliográficas e índices aAntecedentes, farmacología, derechos del consumidor, derecho a la salud, tamaño del mercado y consecuencias que genera la comercialización de medicamentos falsificados en República Dominica. -- Mercado legal nacional e internacional para la prevención y control del mercado y comercialización de medicamentos faltos como garantía de la salud pública. -- La falsificación de medicamentos como problema de salud publica en República Dominicana: incidencia en la seguridad jurídica, humana, económica y publica. -- Determinar el mercado de medicamentos falsificados y su incidencia en la salud pública de República Dominicana. caso Provincia Espaillat, Moca.1 aCastillo, Miriameasesor1 aAcosta, Franciscoeasesor aINSUDE. Escuela de Graduados de Altos Estudios Estratégico. Tesis y disertaciones académicas